| 000 | 00000cas 2200000zi 4500 |
| 001 | 9.938254 |
| 003 | CaOODSP |
| 005 | 20260515071910 |
| 006 | m o d f |
| 007 | cr cn |||||||| |
| 008 | 240514c20209999onctr p o f0###a0eng|d |
| 022 | |a2818-3053 |
| 040 | |aCaOODSP|beng|erda|cCaOODSP |
| 043 | |an-cn--- |
| 086 | 1 |aIN6-4E-PDF |
| 110 | 2 |aOffice of the Superintendent of Financial Institutions Canada.|eauthor, |eissuing body. |
| 222 | 0|aFinancial statements for the three and six months ended ... |
| 245 | 10|aFinancial statements for ... |
| 246 | 13|aQuarterly financial report |
| 264 | 1|a[Ottawa] : |bOffice of the Superintendent of Financial Institutions, |c[2020]- |
| 310 | |aThree times a year |
| 336 | |atext|btxt|2rdacontent |
| 337 | |acomputer|bc|2rdamedia |
| 338 | |aonline resource|bcr|2rdacarrier |
| 362 | 1 |aBegan with: June 30, 2020. |
| 500 | |aIssued also in French under title: États financiers pour ... |
| 500 | |aTitle varies slightly. |
| 500 | |aSome issues are only available in HTML format. |
| 588 | |aDescription based on: June 30, 2020; title from HTML header. |
| 588 | |aLatest issue consulted: December 31, 2024. |
| 610 | 20|aOffice of the Superintendent of Financial Institutions Canada|xAppropriations and expenditures|vPeriodicals. |
| 650 | 0|aFinancial statements, Unaudited|zCanada|vPeriodicals. |
| 650 | 0|aFinance, Public|zCanada|vPeriodicals. |
| 655 | 7|aPeriodicals|2lcgft |
| 775 | 08|tÉtats financiers pour ...|w(CaOODSP)9.938253 |